000 00836nam a2200217Ia 4500
001 15485
003 GE_BSU
008 181216s||||||||xx |||||||||||||| ||und||
020 _a9789941219542
040 _cGE_BSU
080 _a27-31
245 _aქრისტესთვის წამებულნი. უვერცხლონი და ღირსი მამანი
245 _cპროექტ.რედ.თ.მამაცაშვილი, შემდგ. კ.კენკიშვილი
260 _aთბილისი
260 _bპალიტრა L
260 _c2015
300 _a173გვ.20სმ.
541 _h2ლ.
653 _aქრისტესთვის წამებულნი. უვერცხლონი და ღირსი მამანი
942 _cBK
999 _c48586
_d48586